000 00443cam a22001577a 4500
020 _a1591362105 (pbk.)
020 _a9781591362104 (pbk.)
050 0 0 _aT385
_b.F42 2009
100 1 _aFehl, Alec.
245 1 0 _aFastCourse Powerpoint 2007 :
_bLevel 2 /
_cAlec Fehl.
260 _aEl Sobrante, CA [USA] :
_bLabyrinth Learning,
_cc2009.
300 _av, 97 p. :
500 _aIncludes index.
650 _xMicrosoft powerpoint.
942 _2lcc
_cGEN
999 _c6417
_d6417